000 00360nam a22001457a 4500
003 SGT
020 _a9788184575774
082 _a362,KUM
100 _aKUMAR SUDIP
245 _aDRASTIBADHIT VIDHARTHIYON KI SAMASYA
260 _aNEW DELHI
_bKANISKA
_c2021
300 _a153
650 _a Social problems of and services to groups of people
942 _2ddc
_cBK
999 _c26663
_d26663